<?xml version="1.0" encoding="UTF-8"?>
<record
    xmlns:xsi="http://www.w3.org/2001/XMLSchema-instance"
    xsi:schemaLocation="http://www.loc.gov/MARC21/slim http://www.loc.gov/standards/marcxml/schema/MARC21slim.xsd"
    xmlns="http://www.loc.gov/MARC21/slim">

  <leader>02384cam a2200337 a 4500</leader>
  <controlfield tag="001">8928790</controlfield>
  <controlfield tag="005">20210414114237.0</controlfield>
  <controlfield tag="008">110614s2011    gh ab    b    000 0 eng  </controlfield>
  <datafield tag="010" ind1=" " ind2=" ">
    <subfield code="a">  2011342830</subfield>
  </datafield>
  <datafield tag="020" ind1=" " ind2=" ">
    <subfield code="a">9789988647964</subfield>
  </datafield>
  <datafield tag="020" ind1=" " ind2=" ">
    <subfield code="a">9988647964</subfield>
  </datafield>
  <datafield tag="035" ind1=" " ind2=" ">
    <subfield code="a">(OCoLC)ocn729343956</subfield>
  </datafield>
  <datafield tag="035" ind1=" " ind2=" ">
    <subfield code="a">(OCoLC)729343956</subfield>
  </datafield>
  <datafield tag="035" ind1=" " ind2=" ">
    <subfield code="a">(NNC)8928790</subfield>
  </datafield>
  <datafield tag="040" ind1=" " ind2=" ">
    <subfield code="a">DLC</subfield>
    <subfield code="c">DLC</subfield>
    <subfield code="d">BTCTA</subfield>
    <subfield code="d">YDXCP</subfield>
    <subfield code="d">TEU</subfield>
  </datafield>
  <datafield tag="042" ind1=" " ind2=" ">
    <subfield code="a">lcode</subfield>
  </datafield>
  <datafield tag="050" ind1="1" ind2="4">
    <subfield code="a">CB197</subfield>
    <subfield code="b">.I34 </subfield>
  </datafield>
  <datafield tag="245" ind1="0" ind2="0">
    <subfield code="a">Identity meets nationality :Voices from the humanities. /</subfield>
    <subfield code="b">voices from the humanities</subfield>
    <subfield code="c">edited by Helen Lauer, Nana Aba Appiah Amfo, Jemima Asabea  Anderson.</subfield>
  </datafield>
  <datafield tag="260" ind1=" " ind2=" ">
    <subfield code="a">Accra, Ghana :</subfield>
    <subfield code="b">Sub-Saharan Publishers,</subfield>
    <subfield code="c">c2011.</subfield>
  </datafield>
  <datafield tag="300" ind1=" " ind2=" ">
    <subfield code="a">xiv, 297 p.:</subfield>
    <subfield code="b">ill. (some col.), maps.;</subfield>
    <subfield code="c">24 cm.</subfield>
  </datafield>
  <datafield tag="504" ind1=" " ind2=" ">
    <subfield code="a">Includes bibliographical references.</subfield>
  </datafield>
  <datafield tag="505" ind1=" " ind2=" ">
    <subfield code="a">Contents: Introduction -- The Humanities and the idea of national identity -- Empiricalism: The Empirical character of an African philosophy -- Metaphors of death in akan -- Political nicknaming in Ghana: social representations of democracy achieved through conceptual blending -- "Do not rob us of ourselves": language and nationalism in colonial Ghana -- Language use in education in minority language areas: the case of Logba -- The Dilemma of identity for African American English: a case of African language influence? -- Constructing a national language as a vehicle for national identity -- Material culture and ethnic identity: the case of the  Krobo, Ghana -- Negotiating pre- colonial history and future democracy: Kwasi Wiredu and his critics -- Identity crises: constructions of national identity in the poetry of equatorial Guinea -- 'No sweetness here' for 'our sister', La Noire? Gender empowerment in the short stories of sembene Ousmane and Ama Ata Aidoo -- Constructing national consciousness in Russian literature: some lessons for the African milieu -- Africa's renaissance and the challenge of culture: the failures of NEPAD -- The music of Ephraim Amu and Isaac Daniel Riverson: 'the known ' and 'the not known' Ghanaian composers -- The Performing arts: identity and the new social paradigm.</subfield>
  </datafield>
  <datafield tag="650" ind1=" " ind2="0">
    <subfield code="a">National characteristics.</subfield>
  </datafield>
  <datafield tag="650" ind1=" " ind2="0">
    <subfield code="a">Humanities.</subfield>
  </datafield>
  <datafield tag="700" ind1="1" ind2=" ">
    <subfield code="a">Lauer, Helen.</subfield>
  </datafield>
  <datafield tag="700" ind1="1" ind2=" ">
    <subfield code="a">Amfo, Nana Aba Appiah.</subfield>
  </datafield>
  <datafield tag="700" ind1="1" ind2=" ">
    <subfield code="a">Anderson, Jemima Asabea.</subfield>
  </datafield>
  <datafield tag="942" ind1=" " ind2=" ">
    <subfield code="2">lcc</subfield>
    <subfield code="c">BK</subfield>
  </datafield>
  <datafield tag="948" ind1="1" ind2=" ">
    <subfield code="a">20110914</subfield>
    <subfield code="b">c</subfield>
    <subfield code="c">sds12</subfield>
    <subfield code="d">MPS</subfield>
  </datafield>
  <datafield tag="999" ind1=" " ind2=" ">
    <subfield code="c">3160</subfield>
    <subfield code="d">10660</subfield>
  </datafield>
  <datafield tag="952" ind1=" " ind2=" ">
    <subfield code="0">0</subfield>
    <subfield code="1">0</subfield>
    <subfield code="2">lcc</subfield>
    <subfield code="4">0</subfield>
    <subfield code="7">0</subfield>
    <subfield code="a">WIUC-1</subfield>
    <subfield code="b">WIUC-1</subfield>
    <subfield code="c">REF</subfield>
    <subfield code="d">2014-07-17</subfield>
    <subfield code="l">0</subfield>
    <subfield code="o">CB197 .I34</subfield>
    <subfield code="p">7683/110/14</subfield>
    <subfield code="r">2014-07-17 00:00:00</subfield>
    <subfield code="t">1</subfield>
    <subfield code="w">2014-07-17</subfield>
    <subfield code="y">BK</subfield>
  </datafield>
</record>
